000 00750nam a2200193 i 4500
001 30710
003 ES-MaACL
005 20230906154236.0
007 t|
008 030127s1917 fr ||||1| fre d
100 1 _aBayle, F.
_926671
245 1 4 _aLes salaries ouvriers
_b; La methode de Taylor et le salarie moderne ; Premiers elements d'une theorie du salaire ; Application á la fabrication du materiel de guerre /
_cF. Bayle.
260 _aParís :
_b[s.n.,
_c1917] (
_eSaint Amand :
_fBussière)
300 _a214 p. ;
_c25 cm.
740 3 _aLa methode de Taylor et le salaire moderne.
740 0 _aPremiers elements d'une theorie du salaire.
740 0 _aApplication á la fabrication du materiel de guerre.
852 _aES-MaACL
_jF-9909
999 _c30710
_d30710